DESIGN OF CITIES REVISED ED. (Record no. 1161058)

MARC details
000 -LEADER
fixed length control field 00295nam a2200121Ia 4500
008 - FIXED-LENGTH DATA ELEMENTS--GENERAL INFORMATION
fixed length control field 240521s1974 xx 000 0 und d
041 ## - LANGUAGE CODE
Language code of text/sound track or separate title eng
082 ## - DEWEY DECIMAL CLASSIFICATION NUMBER
Classification number 711.409
100 ## - MAIN ENTRY--PERSONAL NAME
Personal name BACON E.N
245 ## - TITLE STATEMENT
Title DESIGN OF CITIES REVISED ED.
260 ## - PUBLICATION, DISTRIBUTION, ETC.
Name of publisher, distributor, etc. PENGUIN BOOKS LTD ENGLAND
Date of publication, distribution, etc. 1974
300 ## - PHYSICAL DESCRIPTION
Extent 336

No items available.